A problem seminar /
Guardado en:
| Autor Principal: | |
|---|---|
| Formato: | Libro |
| Idioma: | English |
| Publicado: |
New York :
Springer-Verlag,
c1982.
|
| Series: | Problem books in mathematics
|
| Materias: | |
| Etiquetas: |
Agregar Etiqueta
Sin Etiquetas, Sea el primero en etiquetar este registro!
|
| LEADER | 00669pam a2200217 a 4500 | ||
|---|---|---|---|
| 001 | MAT.inmabb003059 | ||
| 008 | 820817s1982####nyu###########000#0#eng## | ||
| 005 | 20130312120203.0 | ||
| 245 | 1 | 2 | |a A problem seminar / |c Donald J. Newman. |
| 260 | |a New York : |b Springer-Verlag, |c c1982. | ||
| 300 | |a 113 p. ; |c 24 cm. | ||
| 440 | 0 | |a Problem books in mathematics | |
| 510 | 4 | |a MR, |c 84d:00004 | |
| 020 | |a 0387907653 (pbk.) | ||
| 100 | 1 | |a Newman, Donald J., |d 1930- | |
| 650 | 0 | |a Mathematics |x Problems, exercises, etc. | |
| 650 | 0 | |a Problem solving. | |
| 084 | |a 00A07 (00A05) |2 msc2000 | ||
| 010 | |a 82016729 | ||
| 040 | |a DLC |c DLC |d DLC | ||
| 859 | |h 00A07 |i N551 |p A-5993 |b BIB. MATEMATICA | ||
